The book of Christopher Columbus : (Registro nro. 17619)
[ vista simple ]
| 000 -CABECERA | |
|---|---|
| campo de control de longitud fija | 00737cam a2200205 a 4500 |
| 001 - NÚMERO DE CONTROL | |
| campo de control | 000018097 |
| 005 - FECHA Y HORA DE LA ÚLTIMA TRANSACCIÓN | |
| campo de control | 20200929165343.0 |
| 008 - DATOS DE LONGITUD FIJA--INFORMACIÓN GENERAL | |
| campo de control de longitud fija | 720614s1930 ctua 000 0 eng d |
| 040 ## - FUENTE DE LA CATALOGACIÓN | |
| Centro catalogador/agencia de origen | DO-SdBNP |
| Lengua de catalogación | eng |
| Centro/agencia transcriptor | LC |
| Centro/agencia modificador | BNPHU |
| 050 00 - SIGNATURA TOPOGRÁFICA DE LA BIBLIOTECA DEL CONGRESO | |
| Número de clasificación | E120 |
| Número de documento/Ítem | .C62 |
| 082 ## - NÚMERO DE LA CLASIFICACIÓN DECIMAL DEWEY | |
| Número de clasificación | nn* |
| Número de documento/Ítem | C615b |
| 049 ## - FONDOS LOCALES (OCLC) | |
| Fondos de biblioteca | BNGR |
| 100 1# - ENTRADA PRINCIPAL--NOMBRE DE PERSONA | |
| Nombre de persona | Claudel, Paul, |
| Fechas asociadas al nombre | 1868-1955. |
| 9 (RLIN) | 6174 |
| 245 14 - MENCIÓN DE TÍTULO | |
| Título | The book of Christopher Columbus : |
| Resto del título | a lyrical drama in two parts / |
| Mención de responsabilidad, etc. | Paul Claudel ; decoración Jean Charlot. |
| 260 ## - PUBLICACIÓN, DISTRIBUCIÓN, ETC. | |
| Lugar de publicación, distribución, etc. | New Haven : |
| Nombre del editor, distribuidor, etc. | Yale university press; |
| Lugar de publicación, distribución, etc. | London : |
| Nombre del editor, distribuidor, etc. | H. Milford, Oxford university press, |
| Fecha de publicación, distribución, etc. | 1930. |
| 300 ## - DESCRIPCIÓN FÍSICA | |
| Extensión | 57 p. : |
| Otras características físicas | il. ; |
| Dimensiones | 29 cm. |
| 600 10 - PUNTO DE ACCESO ADICIONAL DE MATERIA--NOMBRE DE PERSONA | |
| Nombre de persona | Columbus, Christopher |
| Subdivisión de forma | Drama. |
| 9 (RLIN) | 39231 |
| 700 1# - PUNTO DE ACCESO ADICIONAL--NOMBRE DE PERSONA | |
| Nombre de persona | Charlot, Jean, |
| Término indicativo de función/relación | ill. |
| 9 (RLIN) | 39232 |
| 910 ## - DATOS DE OPCIÓN DEL USUARIO (OCLC) | |
| Datos de opción del usuario | Catalogación por copia / LC |
| Estado de retiro | Estado de pérdida | Restricciones de uso | No para préstamo | Código de colección | Localización permanente | Ubicación/localización actual | Ubicación en estantería | Fecha de adquisición | Número de inventario | Total de préstamos | Signatura topográfica completa | Código de barras | Fecha visto por última vez | Precio válido a partir de | Tipo de ítem Koha |
|---|---|---|---|---|---|---|---|---|---|---|---|---|---|---|---|
| Monografías: Libros y Folletos | General | General | En catalogación | 14.04.2010 | LF1 | nn* C615b | 18097-10 | 25.06.2020 | 25.06.2020 | Préstamo en sala |
